000 00580nam a2200217Ia 4500
003 OSt
005 20220926040727.0
006 a|||||r|||| 00| 0
007 ta
008 220923b |||||||| |||| 00| 0 eng d
037 _cGeneral Book
040 _aRTL
_cRTL
_beng
041 _2eng
_aeng
082 _aY:4:6.73.N6, K6
100 _aGoodman Leonard H Ed.
_9344019
245 0 _aEconomic progress and social welfare
260 _c1972
300 _axii,233
_ccm.
942 _hY:4:6.73.N6, K6
_cGB
_2CC
999 _c665503
_d665503